000 00623nam a2200229Ia 4500
003 OSt
005 20221006143948.0
006 a|||||r|||| 00| 0
007 ta
008 221006b |||||||| |||| 00| 0 eng d
024 _a10,505
037 _bGift,
_cTextual
040 _aEASL
_cEASL
_beng
041 _2eng
_aeng
082 _aW,3.495.95.N7, L3
245 0 _aNational assembly of the republic of Korea
260 _aSeoul
_bSecretariat of the National Assembly
_c1973
300 _a330p.
_ccm.
490 _v KEL
942 _hW,3.495.95.N7, L3
_cTEXL
_2CC
999 _c1078591
_d1078591